000 00257 a2200097 4500
001 54230
100 _aDicey,A.V
245 _aIntroduction to the Study of the Law of Constitution
260 _aISLAMABAD
_bNational Book Foundation
_c
090 _c33813
_d33813
942 _aNUST-CAE
_cM
_c26462
999 _c289303
_d289303